banner-ar

الحاسب و استكشاف المعرفة : (Record no. 61400)

MARC details
000 -الفاتح
حقل البيانات ثابتة الطول 01131nam a22002777a 4500
005 - وقت وتاريخ اخر تعامل مع التسجيلة
رقم الضبط 20240530110457.0
008 - عناصر البيانات ثابتة الطول - معلومات عامة
حقل البيانات ثابتة الطول 150615s2011 ua adk g b 000 0 ara d
017 ## - رقم الايداع القانونى
رقم الايداع القانونى 2010/21391
المصدر ( الهيئة المختصة) مصر . دار الكتب المصرية
020 ## - الرقم الدولى المعيارى للكتب
الرقم الدولى المعيارى للكتاب 9789772879947
040 ## - مصدر الفهرسة
وكالة الفهرسة الأصلية EG-CaGPL
082 04 - رقم تصنيف ديوى العشرى
رقم الطبعة 21
رقم التصنيف 005.7\
رقم المادة ع ح
100 0# - المدخل الرئيسى - إسم شخصى
الإسم الشخصى عبدالحميد بسيونى
245 12 - بيان العنوان
العنوان الحاسب و استكشاف المعرفة :
بقية العنوان تنقيب البيانات = Data Mining /
بيان المسئوليه,etc عبدالحميد بسيونى
250 ## - بيان الطبعة
بيان الطبعة ط1
260 ## - PUBLICATION, DISTRIBUTION, ETC. (IMPRINT)
تاريخ النشر أو التوزيع 2011 .
300 ## - الوصف المادى
التعداد 287 ص :
تفاصيل ماديه اخرى للوعاء ايض ؛
أبعاد الوعاء 24 سم .
490 ## - بيان السلسلة
عنوان السلسلة الحواسب الذكية فى الادارة و الاعمال
504 ## - تبصرة ببليوجرافية
تبصرة ببليوجرافية,الخ يشتمل على ارجاعات ببليوجرافية
650 04 - المدخل الاضافى بالموضوع-مصطلح موضوعى
مصطلح موضوعي الحاسبات الالكترونية
650 04 - المدخل الاضافى بالموضوع-مصطلح موضوعى
مصطلح موضوعي نظم المعلومات
650 04 - المدخل الاضافى بالموضوع-مصطلح موضوعى
مصطلح موضوعي ملفات البيانات
650 04 - المدخل الاضافى بالموضوع-مصطلح موضوعى
مصطلح موضوعي اختزان و استرجاع المعلومات
650 04 - المدخل الاضافى بالموضوع-مصطلح موضوعى
مصطلح موضوعي المعرفة
942 ## - عناصر المدخل الإضافي( كوها)
مصدر التصنيف او مخطط الترفيف Dewey Decimal Classification
Koha [default] item type كتاب
260 ## - PUBLICATION, DISTRIBUTION, ETC. (IMPRINT)
-- القاهرة :
-- دار الكتب العلمية للنشر و التوزيع ،
Holdings
حالة التراجع حالة الفقد حالة تلف ليس للاعارة المكان المؤقت الموقع الحالى تاريخ الاكتساب اجمالي اﻻعارات رقم الطلب الباركود تاريخ اخر مشاهدة تاريخ تفعيل السعر نوع وعاء كوها
        مكتبة القاهرة الكبرى مكتبة القاهرة الكبرى 06/15/2015   005.7\ ع ح 160692 06/15/2015 06/15/2015 كتاب

Powered By

EGPV